000 01134nac a22004097a 4500
001 BR0707474
003 BR-BrBNA
005 20240105123528.0
008 230509b bl.|||m| |||| 00| 0 por d
040 _aBR-BrBNA
_bpor
_cBiblioteca Nacional de Agricultura
072 _aF01
090 _a0820 BR0707474
100 1 _aAndrade Júnior, A.S. de
100 1 _aRodrigues, B.H.N.
100 1 _aAthayde Sobrinho, C.
100 1 _aBastos, E.A.
100 1 _amelo, F. de B.
100 1 _aCardoso, M.J.
100 1 _aSilva, P.H.S. da
100 1 _aDuarte, R.L.R.
110 1 _aEMBRAPA Meio-Norte, Teresina, PI (Brasil)
245 1 _aA cultura da melancia
250 1 _a2. ed.
260 3 _aBrasília, DF (Brasil):
_bEMBRAPA Informação Tecnológica,
_c2007.
300 _a85 p.
490 _aColeção Plantar (Brazil)
_vno. 57
_x
500 _a5 tables
650 _aMELANCIA
650 _aVARIEDADE
650 _aPLANTIO
650 _aADUBAÇÃO
650 _aCALAGEM
650 _aDOENÇA DE PLANTA
650 _aCOLHEITA
909 _a202312
_bLúcia Elande
_c55
_dLúcia Elande
942 _2AGRIS
_n0
_cMS
999 _c295871
_d295871